| 000 | 01905cam a22004934a 4500 | ||
|---|---|---|---|
| 001 | muse92054 | ||
| 003 | MdBmJHUP | ||
| 005 | 20210127151822.0 | ||
| 006 | m o d | ||
| 007 | cr||||||||nn|n | ||
| 008 | 820602m19841988miu o 00 0 eng d | ||
| 010 | _z 82072445 | ||
| 020 | _a9780472901654 | ||
| 020 | _z089148034X (v. 3) | ||
| 020 | _z9780891480341 | ||
| 035 | _a(OCoLC)1193105791 | ||
| 040 |
_aMdBmJHUP _cMdBmJHUP |
||
| 041 | 1 | _aengind | |
| 043 | _aa-io--- | ||
| 050 | 0 | 4 |
_aML345.I5 _bK343 1984 |
| 082 | 0 |
_a785/.06/6095982 _219 |
|
| 245 | 0 | 0 |
_aKarawitan _bSource Readings in Javanese Gamelan and Vocal Music, Volume 2 / _cJudith Becker, editor, Alan H. Feinstein, assistant editor ; Hardja Susilo, Sumarsam, A.L. Becker, consultants. |
| 264 | 1 | _bCenter for South and Southeast Asian Studies, University of Michigan, | |
| 264 | 3 | _bProject MUSE, | |
| 300 |
_a1 online resource (3 v.) : _bill. ; |
||
| 490 | 0 |
_aMichigan papers on South and Southeast Asia ; _vno. 23, 30-31 |
|
| 500 | _aIncludes indexes. | ||
| 504 | _aBibliography: v. 3, p. 449-462. | ||
| 506 | 0 |
_aOpen Access _fUnrestricted online access _2star |
|
| 588 | _aDescription based on print version record. | ||
| 650 | 0 |
_aVocal music _zIndonesia _zJava _xHistory and criticism. |
|
| 650 | 0 |
_aGamelan music _zIndonesia _zJava _xHistory and criticism. |
|
| 655 | 7 |
_aElectronic books. _2local |
|
| 700 | 1 | _aFeinstein, Alan H. | |
| 700 | 1 | _aBecker, Judith O. | |
| 710 | 2 |
_aProject Muse. _edistributor |
|
| 830 | 0 |
_aMichigan papers on South and Southeast Asia ; _vno. 23, etc. |
|
| 830 | 0 | _aBook collections on Project MUSE. | |
| 856 | 4 | 0 |
_zFull text available: _uhttps://muse.jhu.edu/book/77820/ |
| 999 |
_c27145 _d27145 |
||